Normal view MARC view

Entry Topical Term

Number of records used in: 1

001 - CONTROL NUMBER

  • control field: 17702

003 - CONTROL NUMBER IDENTIFIER

  • control field: OSt

005 - DATE AND TIME OF LATEST TRANSACTION

  • control field: 20240624145853.0

008 - FIXED-LENGTH DATA ELEMENTS

  • fixed length control field: 240624|| aca||aabn | a|a d

040 ## - CATALOGING SOURCE

  • Original cataloging agency: OSt
  • Transcribing agency: OSt

150 ## - HEADING--TOPICAL TERM

  • Topical term or geographic name entry element: Neurons

670 ## - SOURCE DATA FOUND

  • Source citation: Work cat.: (OSt)8758: Simmons, Peter J. (Peter John), 1952- 17701, Nerve cells and animal behaviour /, 2010.